01316nam a2200361 i 450000500170000000700030001700800410002002000180006102000180007904000350009704100080013208400110014010000490015124500870020025000450028726400790033230000250041133600270043633700330046333800280049649000410052452100380056554500590060365000370066265000410069965000390074065000350077965000310081465000270084570000520087294200150092499900150093920220317002024.0ta201106r20132017ag er 000 fdspa d a9789505579990 a9789588249285 aCO-BoRNBPbspacCO-BoRNBPerda0 aspa aN BOS81 aBosco, María Angélicad1909-2006eautora13aLa muerte baja en el ascensorcMaría Angélica Bosco ; prólogo Ricardo Piglia aPrimera ediciónbPrimera reimpresión 1aBuenos AiresaBogotáaMéxicobFondo de Cultura Económicac2013c2017 a154 páginasc21 cm 2rdacontentatextobtxt 2rdamediaasin mediaciónbn 2rdacarrieravolumenbnc0 aTierra firmepSerie del recienvenido aRecomendado para público adulto aIncluye datos biográficos de la autora en la portada172LEMBaNovela argentinaySiglo XX172LEMBaLiteratura argentinaySiglo XX172LEMBaAutores argentinosySiglo XX172LEMBaMujeres y muertevNovela172LEMBaAllanamientovNovela172LEMBaMisteriovNovela1 aPiglia, Ricardo d1941-2017eprologuista996508 2loccBKLIT c8925d8925